European Capitals Starting and Ending with a Consonant - Statistics

General Stats
  • This quiz has been taken 195 times
  • The average score is 20 of 22
Answer Stats
Capital % Correct
London
99%
Dublin
97%
Lisbon
97%
Berlin
95%
Madrid
95%
Stockholm
94%
Bern
93%
Budapest
93%
Brussels
92%
Bucharest
92%
Zagreb
92%
Kiev
91%
Copenhagen
90%
Minsk
90%
Moscow
90%
Warsaw
90%
Paris
88%
Reykjavik
88%
Tallinn
88%
Luxembourg
85%
Vilnius
84%
Vaduz
82%
No matching quizzes found
Score Distribution
Percent of People with Each Score
Percentile by Number Answered
Your Score History
You have not taken this quiz